Holiday Quiz

Random Holiday or Christmas Quiz

Christmas Scramble Quiz Stats

 Plays Quiz not verified by Sporcle

Challenge
Share
Tweet
Embed
Score 0/55 Timer 10:00
0 Plays Today
Clue Answer % Correct
EsujsJesus
94.9%
YarmMary
91.5%
EtreTree
88.1%
NborBorn
86.4%
TgifGift
86.4%
LocaCoal
86.4%
YjoJoy
86.4%
NsoSon
84.7%
GldoGold
84.7%
TansaSanta
84.7%
FleElf
84.7%
RstaStar
84.7%
DihlcChild
83.1%
PhsejoJoseph
83.1%
Rothn LpoeNorth Pole
83.1%
HctisrChrist
81.4%
Sewi enmWise men
79.7%
YrmrMyrr
79.7%
TsilList
79.7%
CeinNice
79.7%
RadnceDancer
78%
NevixVixen
78%
SyotToys
78%
LeganAngel
76.3%
EranpcrPrancer
76.3%
CeimhnyChimney
76.3%
KimlMilk
76.3%
CeapePeace
76.3%
Clue Answer % Correct
DipucCupid
74.6%
PhodurlRudolph
74.6%
EnirredeReindeer
72.9%
NzitlbeBlitzen
72.9%
MeeehhtlbBethlehem
71.2%
OmcteComet
71.2%
SualcClaus
71.2%
DorwlWorld
71.2%
NoswnamSnowman
71.2%
RegnamManger
69.5%
SetinlTinsel
69.5%
SgnikcstoStockings
69.5%
CenfraknesinFrankincense
67.8%
StmahricsChristmas
67.8%
NivrigVirgin
66.1%
SherdaDasher
66.1%
HelisgSleigh
66.1%
SekoicoCookies
66.1%
NodernDonner
64.4%
RovisaSavior
62.7%
HedsprehShepherd
59.3%
NokedyDonkey
55.9%
GhytuanNaughty
54.2%
SpohkorwWorkshop
52.5%
TsoranmneOrnaments
40.7%
EblodhBehold
33.9%
NepekinnrInnkeeper
18.6%

You're not logged in!

Compare scores with friends on all Sporcle quizzes.
Join for Free
OR
Log In

You Might Also Like...

Show Comments

Extras

Top Quizzes Today


Score Distribution

Your Account Isn't Verified!

In order to create a playlist on Sporcle, you need to verify the email address you used during registration. Go to your Sporcle Settings to finish the process.

Report this User

Report this user for behavior that violates our Community Guidelines.

Details: